000 00953 a2200265 4500
005 20180312141951.0
008 131106s1991 sp a br|||| 00| 0 spa d
020 _a8426313337
040 _aCO-BoUCM
_bspa
_cJose A. Gerena
_dJose A. Gerena
041 0 0 _aspa
100 1 _aMateos, Pilar
_949869
245 1 0 _aDoneco teleco
_cPilar Mateos ; ilustraciones de Ana López Escrivá
250 _a3a Ed
260 _c1991
_bEdelvives
_aZaragoza (Zaragoza, España)
300 _a63 páginas
_bilustraciones a color
490 _aAla delta
_aSerie Roja
_v7
650 7 _918516
_aLibros ilustrados para niños
650 7 _918524
_aLibros y lectura para niños
650 7 _918684
_aLiteratura infantil española
650 7 _920374
_aNiños en la literatura
690 _942863
_aLiteratura europea
700 1 _aLópez Escrivá, Ana
_eilustrador
_949890
942 _a18
_cLIBRO
_e3
_mM425d
_2DEWEY
_h868.64
_n0
999 _c183346
_d183346